000 00427cam a2200181 4500
001 D7549
008 090401t1975 xxu||||| |||| 00| 0 eng d
035 _a(Sirsi) u7951
041 _aeng
050 _a711.026
100 _aNewman, Phyllis E
245 _aTown and country planning casebook
260 _aLondon
_bEstates Gazette
_c1975
300 _axxiv. 382p. 22cm
350 _a8
942 _n0
948 _c04/03/1997
999 _c86462
_d86462